| 000 | 00531nam a2200169 4500 | ||
|---|---|---|---|
| 001 | 123859 | ||
| 003 | ES-MaACL | ||
| 005 | 20230906192247.0 | ||
| 007 | t| | ||
| 008 | 070214s1965 sp r ||||1| spa d | ||
| 100 | 1 |
_aQuoist, Michel. _994807 |
|
| 245 | 1 | 0 |
_aMichel Quoist presenta Thérèse Collas _b: la chica del saxobar / _cMichel Quoist ; traducción de Fernando Sierra. |
| 260 |
_aBarcelona : _bEstela, _c1965. |
||
| 300 |
_a150 p. ; _c20 cm. |
||
| 700 | 1 |
_aSierra, Fernando. _9106253 |
|
| 852 |
_aES-MaACL _jC-29115 _bR.57687 |
||
| 999 |
_c123859 _d123859 |
||